El árbol : fuente de vida.

Guardado en:
Formato: Libro
Idioma:Spanish
Publicado: [Roma : FAO, 1991]
Etiquetas: Agregar Etiqueta
Sin Etiquetas, Sea el primero en etiquetar este registro!
LEADER 00350nam a22001215a 4500
001 EEA.libagro005381
005 20180704091058.0
008 130809s1991####it#a##########000#0#spa#d
082 0 4 |a 582.16 
245 1 3 |a El árbol :  |b fuente de vida. 
260 |a [Roma :  |b FAO,  |c 1991] 
300 |a 26 p. :  |b il. ;  |c 30 cm. 
859 |a AR-BbBCA  |b BIB. AGRONOMIA  |h 582.16  |i F218-1  |p 1996/2681